Využitie počítačom podporovaných technológií pri návrhu a výrobe ergonomického gripu airsoftovej zbrane SCAR L
Guardado en:
| Autor principal: | |
|---|---|
| Otros Autores: | |
| Formato: | Manuscrito Libro |
| Lenguaje: | eslovaco |
| Publicado: |
2018
|
| Materias: | |
| Acceso en línea: | http://is.stuba.sk/zp/portal_zp.pl?podrobnosti=123508 |
| Etiquetas: |
Sin Etiquetas, Sea el primero en etiquetar este registro!
|
MARC
| LEADER | 00000ntm a22000003a 4500 | ||
|---|---|---|---|
| 001 | stuzp67689 | ||
| 003 | SK-STU | ||
| 005 | 20180820155000.1 | ||
| 007 | ta | ||
| 008 | 150427s2015----xo-----f-mn---000-0-slo-d | ||
| 040 | |a STU |b slo | ||
| 041 | 0 | |a slo | |
| 100 | 1 | |a Dobrovszký, Patrik |u 063000 |4 aut |U MTF Materiálovotechnologická fakulta |T MTF Ústav výrobných technológií |X 80163 |U M3000 |Y 83 |7 80163 | |
| 242 | 0 | 1 | |a The use of computer aided technologies in the design and production of ergonomic grip for an airsoft weapon SCAR L |y eng |
| 245 | 1 | 0 | |a Využitie počítačom podporovaných technológií pri návrhu a výrobe ergonomického gripu airsoftovej zbrane SCAR L |
| 260 | |c 2018 | ||
| 650 | 4 | |a Fused Deposition Modeling |2 slo | |
| 650 | 4 | |a CAD |2 slo | |
| 650 | 4 | |a Kontrola kvality |2 slo | |
| 650 | 4 | |a 3D Scan |2 slo | |
| 650 | 4 | |a Fused Deposition Modeling |2 eng | |
| 650 | 4 | |a Quality inspection |2 eng | |
| 650 | 4 | |a 3D Scan |2 eng | |
| 650 | 4 | |a CAD |2 eng | |
| 700 | 1 | |a Milde, Ján |u 063000 |k Z3 |4 ths |U MTF Materiálovotechnologická fakulta |T MTF Ústav výrobných technológií |X 56936 |U M3000 |Y 83 |7 A000056936 | |
| 856 | 4 | |u http://is.stuba.sk/zp/portal_zp.pl?podrobnosti=123508 | |
| 996 | |c M* BP-8351 |l MMSKP |s P |a 0 |w stuzp67689_0001 | ||